01538 am a2200373 a 450000500170000000800410001702000080005804100080006610000280007424500710010225000110017326000870018430000110027150001690028265300380045165300260048965300730051565300530058865300570064165300090069865300510070765300430075865300370080165300520083865300250089065300300091565300480094565300460099365300230103965300140106265300330107665300250110970000300113420240627114130.0100518s1986||||ck d f |||| 001 0 spa d aS/N aspa1 aRestrepo Molina, Jorge. aFundamentos de Medicina. bNeumología / cJorge Restrepo Molina a3a ed. aMedellin [Colombia]: bCIB Corporación para investigaciones biológicas;c1986. a646 p. aRestrepo Molina, J. y Maldonado Gómez, D. (1986). Fundamentos de Medicina. Neumología. (3a ed.). Medellin : CIB Corporación para investigaciones biológicas. aMorfología del sistema pulmonar aFisiología pulmonar aPaciente con enfermedad respiratoria y procedimientos diagnósticos aEnfermedad pulmonar obstructiva crónica (EPOC) aDisfunción de las vías aéreas terminales (VAT) aAsma aEnfermedad pulmonar intersticial difusa (EPID) aTrastornos circulatorios del pulmón  aInsuficiencia respiratoria aguda aEnfermedades de los bronqios, traquea y laringe aTumores del pulmón aEnfermedades de la pleura aEnfermedades del mediastino y del diafragma aEnfermedades producidas por micobacterias aMicosis pulmonares aNeumonias aInmunosupresión y neumonia aTerapia respiratoria1 aMaldonado Gómez, Dario.